000 00677nam a2200217 a 4500
001 14137
003 BD-JhCC
005 20250123105635.0
008 171005b20202023b |||| ||a| 000 0 b d
020 _a9789844360594
035 _a(BD-JhCC) 14137
040 _aBD-JhCC
_dBD-JhCC
041 _abengali
082 _a891.442
_bNAN 2020
100 _a নান্টু ,আনিসুর রহমান
245 _a অভিনয় ও অভিনেতা /
_cআনিসুর রহমান নান্টু ।
260 _aঢাকা:
_bছায়াবীথি;
_c2020.
300 _a104 p. :
_c22 cm.
650 _aBengali Drama
942 _2ddc
_cBK
999 _c14137
_d14137